| 000 | 00472nam a2200133Ia 4500 | ||
|---|---|---|---|
| 008 | 170516s9999 xx 000 0 und d | ||
| 245 | _aPotential of thermal imaging as a tool for prediction of cardiovascular disease | ||
| 260 | _bJournal of Medical Physics | ||
| 260 | _c2014 | ||
| 300 | _a39:1 | ||
| 650 | _xRadiologic Technology | ||
| 650 | _xRadtech | ||
| 856 | _uhttp://www.jmp.org.in/showBackIssue.asp?issn=0971-6203;year=2014;volume=39;issue=1;month=January-March | ||
| 999 |
_c332724 _d332724 |
||